| 000 | 00525nam a22001697a 4500 | ||
|---|---|---|---|
| 003 | NUST | ||
| 005 | 20230228154540.0 | ||
| 008 | 171004b xxu||||| |||| 00| 0 eng d | ||
| 040 | _cNUST | ||
| 082 | _a331.702 | ||
| 100 |
_aShahid,Muhammad Muneeb _95259 |
||
| 245 | _aRole of internship supervision and self directed learning readiness for employability skills of university students | ||
| 260 |
_aIslamabad _c2016 |
||
| 300 | _a82p | ||
| 856 | _uhttp://10.250.8.41:8080/xmlui/handle/123456789/30138 | ||
| 942 |
_2ddc _cTHE |
||
| 999 |
_c331588 _d331588 |
||